| 000 | 00000nas 2200000za 4500 |
| 001 | 9.864125 |
| 003 | CaOODSP |
| 005 | 20221107161446 |
| 007 | cr ||||||||||| |
| 008 | 181102d19481959oncar p oss f0###b0fre|d |
| 022 | |y0384-4684 |
| 040 | |aCaOODSP|bfre |
| 041 | |aeng|afre |
| 043 | |an-cn--- |
| 086 | 1 |aCS36-202-PDF |
| 245 | 04|aThe paper box and bag industry |h[ressource électronique] / |cprepared in the Forestry Section of the Industry and Merchandising Division, Dominion Bureau of Statistics = L'industrie des boîtes et sacs en papier / préparé dans la Section des forêts de la Division de l'industrie et du commerce, Bureau fédéral de la statistique. |
| 246 | 11|aIndustrie des boîtes et sacs en papier |
| 260 | |a[Ottawa] : |bDominion Bureau of Statistics, Industry and Merchandising Division, Forestry Section = Bureau fédéral de la statistique, Division de l'industrie et du commerce, Section des forêts, |c[1950?]-1961. |
| 310 | |aAnnuel |
| 362 | 0 |a1948-1959. |
| 500 | |aÉdition numérisée de l’imprimé [par Statistique Canada]. |
| 515 | |aLes livr. de 1949-1950 également num. v. 2, pt. 9-J-1; 1951-1953 également num. v. 2, pt. 8-J-1; 1954-1957 également num. v. 2, pt. 10-J-1. |
| 546 | |aTexte en anglais et en français. |
| 550 | |aPubl. 1957-1959 par la Division de l'industrie et du commerce. |
| 580 | |aScindé en : Paper bag manufacturers; et, Paper box manufacturers. |
| 653 | 2|aBoîtes en papier |
| 653 | 2|aSacs en papier |
| 692 | 07|2gccst|aIndustrie des pâtes et papiers |
| 692 | 07|2gccst|aIndustrie de la fabrication |
| 710 | 1 |aCanada. |bDominion Bureau of Statistics. |bForestry Section. |
| 710 | 1 |aCanada. |bBureau fédéral de la statistique. |bSection des forêts. |
| 710 | 1 |aCanada. |bBureau fédéral de la statistique. |bDivision de l'industrie et du commerce. |
| 780 | 00|tReport on the paper box & bag industry in Canada |w(CaOODSP)9.864096 |
| 785 | 00|tPaper bag manufacturers |w(CaOODSP)9.864413 |
| 785 | 00|tPaper box manufacturers |w(CaOODSP)9.864435 |
| 791 | |tThe paper box and bag industry |eeng|w(CaOODSP)9.864121 |